Responses for Show #8375 - Friday, April 9, 2021

Champion's winnings & consolation amounts matched to the North Valley Community Foundation.

Contestants

[<< previous game]

Dennis Chase, a biotech project manager originally from Hyannis, Massachusetts

Jennifer Leong Evans, a stay-at-home mom from Camas, Washington

Pasquale Palumbo, a financial services professional from Hawthorne, New York (whose 1-day cash winnings total $6,799)

[next game >>]

Jeopardy! Round responses

LITERARY FIRST LINES
"GO"ING PLACES
(Aaron: "G-O" is in each place name.)
CAR CULTURE
FLAG-POURRI
CONNECTING WITH CONJUNCTIONS
ACTION FIGURES
    $200 7
Harry Potter and the Sorcerer's Stone

Dennis
    $200 18
Tobago

Dennis
    $200 26
Honda

Jennifer
    $200 2
Capture the Flag

Dennis
    $200 12
when

Dennis
    $200 23
(Dennis: Who is Kasinski?)
...
(Aaron: You were close there, Dennis, it's [*], who played Jim on The Office.)

John Krasinski

Dennis
Triple Stumper
    $400 8
(Pasquale: What is Little Women?)

Peter Pan

PasqualeDennis
    $400 19
Glasgow

Triple Stumper
    $400 27
(Aaron: What a great era they started.)

Chrysler

Jennifer
    $400 3
Switzerland

Pasquale
    $400 13
but

Pasquale
    $400 24
(Pasquale: What are ninjas?)

robots

PasqualeJennifer
    $600 9
The Call of the Wild

Triple Stumper
    $600 20
Santiago

Dennis
    $600 28
the DeVille

Pasquale
    $600 4
black flag

Pasquale
    $600 14
nor

Pasquale
    $600 17
a zombie

Jennifer
    $800 10
(Aaron: Yes, Hunter S. Thompson's book.)

Fear and Loathing in Las Vegas

Pasquale
    $800 21
Fargo

Jennifer
    $800 29
Austin

Dennis
    $800 5
an ensign

Dennis
    $800 15
if

Pasquale
    $800 1
the CIA

Dennis
    $1000 11
A River Runs Through It

Dennis
    $2,400 22
(Jennifer: What is...)

Santo Domingo

Jennifer
    $1000 30
Lamborghini

Pasquale
    $1000 6
Interior

Jennifer
    $1000 16
lest

Pasquale
    $1000 25
Scott Pilgrim

Triple Stumper

Scores at the first commercial break (after clue 15):

Pasquale Jennifer Dennis
$3,200 $1,000 $3,600

Scores at the end of the Jeopardy! Round:

Pasquale Jennifer Dennis
$5,400 $1,000 $5,000

Double Jeopardy! Round responses

HISTORIC PEOPLE
MYTHOLOGICAL TRIOS
ACIDS
MUSICAL GODFATHERS
WE "URGE" YOUR RESPONSE
STILL FIGURES
    $400 26
I have a dream

Pasquale
    $400 6
Loki

Pasquale
    $400 16
vinegar

Pasquale
    $400 1
Ozzy Osbourne

Dennis
    $400 11
a surgeon

Jennifer
    $400 21
bourbon

Dennis
    $800 27
Hannibal

Dennis
    $800 7
(Jennifer: Who is Demeter?)

Gaia

JenniferDennis
    $800 17
the liver

Dennis
    $800 2
punk

Pasquale
    $800 12
a sturgeon

Dennis
    $800 22
gin

Pasquale
    $3,000 28
the Crimean War

Dennis
    $1200 8
the blacksmith

Dennis
    $3,500 18
lactic acid

Dennis
    $1200 3
James Brown

Dennis
    $1200 13
splurge

Dennis
    $1200 23
(Aaron: It was a [*] pot; [*], the 29th element.)

copper

Triple Stumper
    $1600 29
(William) Seward

Jennifer
    $1600 9
Horus

Triple Stumper
    $1600 19
(Dennis: What is hydrochloric acid?)

sulfuric acid

JenniferDennis
    $1600 4
ska

Dennis
    $1600 14
a scourge

Dennis
    $1600 24
cognac

Triple Stumper
    $2000 30
Roger Williams

Dennis
    $2000 10
Shiva, Vishnu & Brahma

Triple Stumper
    $2000 20
formic acid

Dennis
    $2000 5
Eazy-E

Pasquale
    $2000 15
courgette

Dennis
    $2000 25
151

Pasquale

Scores at the end of the Double Jeopardy! Round:

Pasquale Jennifer Dennis
$12,200 $3,800 $26,700
(lock game)

[wagering suggestions for these scores]

Final Jeopardy! Round responses

AMERICAN LITERATURE
(Aaron: [To Pasquale] Yes, of course, John Steinbeck's novel about Lennie and George who talked about having their own rabbit farm one day.)
JenniferWhat is Animal Farm?
$0
PasqualeWhat is Of Mice And Men?
$4,000
DennisWhat is Animal Farm? Harvey
$800
Of Mice and Men

Final scores:

Pasquale Jennifer Dennis
$16,200 $3,800 $25,900
2nd place: $2,000 3rd place: $1,000 New champion: $25,900

Game dynamics:

Coryat scores:

Pasquale Jennifer Dennis
$12,200 $6,200 $22,600
16 R,
2 W
9 R,
2 W
(including 1 DD)
26 R
(including 2 DDs),
2 W

Combined Coryat: $41,000

[game clues] [game scores] [suggest correction]

Game tape date: 2021-02-17
The J! Archive is created by fans, for fans. Scraping, republication, monetization, and malicious use prohibited; this site may use cookies and collect identifying information. See terms. The Jeopardy! game show and all elements thereof, including but not limited to copyright and trademark thereto, are the property of Jeopardy Productions, Inc. and are protected under law. This website is not affiliated with, sponsored by, or operated by Jeopardy Productions, Inc. Join the discussion at JBoard.tv.